[Event "24. European Club Cup 2008 Femenino"]
[Site "Kallithea GRE"]
[Date "2008.10.23"]
[Round "7.4"]
[White "Khurtsidze, Nino"]
[Black "Demina, Julia"]
[Result "1-0"]
[WhiteElo "2417"]
[BlackElo "2357"]
[PlyCount "113"]
[EventDate "2008.10.17"]
[EventType "team-tourn"]
[EventRounds "7"]
[EventCountry "GRE"]
[Source "lmi"]
[SourceDate "2008.10.17"]
[WhiteTeam "MIKA"]
[BlackTeam "Finek"]

1. c4 e6 2. Nc3 d5 3. cxd5 exd5 4. d4 Be7 5. Nf3 Nf6 6. Bg5 c6 7. Qc2 g6 8. e3
Bf5 9. Bd3 Bxd3 10. Qxd3 O-O 11. Bxf6 Bxf6 12. b4 a6 13. O-O Nd7 14. a4 Re8 15.
b5 a5 16. Rfc1 Bg7 17. Ra2 Re6 18. Rac2 h6 19. bxc6 bxc6 20. Ne2 Nb8 21. Qb3
Re7 22. Nf4 Kh7 23. h4 Qd7 24. Qb6 f6 25. Rc5 Qb7 26. Qb1 Qxb1 27. Rxb1 h5 28.
Nxd5 Rf7 29. Nb6 Rb7 30. Rcc1 Ra6 31. Nc4 Rb4 32. Ne1 Nd7 33. Nd3 Rxb1 34. Rxb1
Ra7 35. Rb2 Bf8 36. g3 Kg8 37. Kf1 Kf7 38. Ke2 Be7 39. Kd1 Ke6 40. Nb6 Rb7 41.
Nxd7 Rxb2 42. Nxb2 Kxd7 43. Nd3 g5 44. hxg5 fxg5 45. Ne5+ Kc7 46. Nc4 Bb4 47.
Ke2 h4 48. gxh4 gxh4 49. f4 Kd7 50. f5 Ke7 51. Kf3 Kf6 52. e4 Kg5 53. Ne5 c5
54. d5 c4 55. Nxc4 h3 56. d6 h2 57. Kg2 1-0

[Event "24. European Club Cup 2008 Femenino"]
[Site "Kallithea GRE"]
[Date "2008.10.23"]
[Round "7.5"]
[White "Igla, Bella"]
[Black "Boric, Elena"]
[Result "1/2-1/2"]
[WhiteElo "2254"]
[BlackElo "2292"]
[PlyCount "108"]
[EventDate "2008.10.17"]
[EventType "team-tourn"]
[EventRounds "7"]
[EventCountry "GRE"]
[Source "lmi"]
[SourceDate "2008.10.17"]
[WhiteTeam "Haifa"]
[BlackTeam "Rudar"]

1. d4 f5 2. g3 g6 3. Bg2 Nf6 4. Nf3 Bg7 5. O-O O-O 6. b3 d6 7. Bb2 Qe8 8. c4 c6
9. Nbd2 Nbd7 10. e4 Nxe4 11. Nxe4 fxe4 12. Ng5 Nf6 13. Nxe4 Nxe4 14. Bxe4 Bh3
15. Bg2 Bxg2 16. Kxg2 Qf7 17. Qe2 Rae8 18. f4 e6 19. Rae1 Qd7 20. Rf3 g5 21.
fxg5 Rxf3 22. Qxf3 c5 23. Qe4 b5 24. g6 hxg6 25. Qxg6 cxd4 26. Bxd4 e5 27. Qe4
bxc4 28. bxc4 Rc8 29. Be3 Qa4 30. Re2 Qxc4 31. Qxc4+ Rxc4 32. Bxa7 Kf7 33. h4
Ke6 34. Be3 d5 35. Rb2 d4 36. Bg5 e4 37. h5 d3 38. Rb6+ Kf5 39. Bf4 Rc2+ 40.
Kh3 Bd4 41. Rd6 Rc4 42. h6 e3 43. h7 e2 44. Bd2 Ba1 45. Rxd3 Rc7 46. Rf3+ Kg6
47. Re3 Rxh7+ 48. Kg4 Ra7 49. Rxe2 Rxa2 50. Re6+ Kf7 51. Rd6 Be5 52. Rd3 Kg6
53. Kf3 Ra4 54. g4 Rd4 1/2-1/2

[Event "24. European Club Cup 2008 Femenino"]
[Site "Kallithea GRE"]
[Date "2008.10.23"]
[Round "7.5"]
[White "Vujic-Katanic, Branka"]
[Black "Vovinkina, Natalia"]
[Result "1-0"]
[WhiteElo "2107"]
[BlackElo "2147"]
[PlyCount "71"]
[EventDate "2008.10.17"]
[EventType "team-tourn"]
[EventRounds "7"]
[EventCountry "GRE"]
[Source "lmi"]
[SourceDate "2008.10.17"]
[WhiteTeam "Rudar"]
[BlackTeam "Haifa"]

1. d4 Nf6 2. g3 d6 3. Bg2 Nbd7 4. e4 e5 5. Ne2 c6 6. a4 Be7 7. Nbc3 b6 8. h3
Bb7 9. O-O a6 10. Be3 Qc7 11. f4 O-O 12. g4 h6 13. Ng3 exd4 14. Bxd4 g6 15. h4
Nh7 16. g5 d5 17. exd5 c5 18. Be3 Rfe8 19. Nge4 Bf8 20. Qg4 h5 21. Qf3 Rad8 22.
Rae1 Qb8 23. Bf2 b5 24. axb5 axb5 25. Bg3 Bg7 26. f5 Bd4+ 27. Kh1 Ne5 28. Bxe5
Bxe5 29. fxg6 fxg6 30. Qf7+ Kh8 31. Nf6 Bxf6 32. gxf6 Nxf6 33. Qxf6+ Kh7 34.
Re7+ Rxe7 35. Qxe7+ Kg8 36. Rf7 1-0

[Event "24. European Club Cup 2008 Femenino"]
[Site "Kallithea GRE"]
[Date "2008.10.23"]
[Round "7.5"]
[White "Porat, Maya"]
[Black "Dragovic, Nada"]
[Result "1/2-1/2"]
[WhiteElo "2167"]
[BlackElo "2011"]
[PlyCount "78"]
[EventDate "2008.10.17"]
[EventType "team-tourn"]
[EventRounds "7"]
[EventCountry "GRE"]
[Source "lmi"]
[SourceDate "2008.10.17"]
[WhiteTeam "Haifa"]
[BlackTeam "Rudar"]

1. d4 Nf6 2. c4 g6 3. Nc3 Bg7 4. e4 d6 5. Nf3 O-O 6. Be2 e5 7. O-O Nbd7 8. Re1
h6 9. Bf1 Re8 10. d5 a5 11. Qc2 Rf8 12. b3 Nc5 13. Be3 b6 14. a3 Ng4 15. Bxc5
bxc5 16. b4 axb4 17. axb4 Rxa1 18. Rxa1 cxb4 19. Na2 f5 20. Bd3 Nf6 21. Nd2 Nh5
22. Nxb4 Nf4 23. Bf1 Qg5 24. Ra3 Qh5 25. c5 Ne2+ 26. Kh1 Nd4 27. Qc1 dxc5 28.
Nd3 Qg5 29. Nxc5 h5 30. Qb2 Bh6 31. Nf3 Nxf3 32. Rxf3 f4 33. Qa2 Kh8 34. Qa7
Bg4 35. Qxc7 Bxf3 36. Ne6 Qf6 37. Nxf8 Bxf8 38. gxf3 Bd6 39. Qd7 Kg8 1/2-1/2

[Event "24. European Club Cup 2008 Femenino"]
[Site "Kallithea GRE"]
[Date "2008.10.23"]
[Round "7.6"]
[White "Congiu, Mathilde"]
[Black "Peptan, Corina-Isabela"]
[Result "1/2-1/2"]
[WhiteElo "2230"]
[BlackElo "2430"]
[PlyCount "105"]
[EventDate "2008.10.17"]
[EventType "team-tourn"]
[EventRounds "7"]
[EventCountry "GRE"]
[Source "lmi"]
[SourceDate "2008.10.17"]
[WhiteTeam "Vandoeucre"]
[BlackTeam "Iasi"]

1. e4 c5 2. c3 d5 3. exd5 Qxd5 4. d4 Nf6 5. Nf3 e6 6. Be3 cxd4 7. cxd4 Bb4+ 8.
Nc3 Bd7 9. Bd3 Bb5 10. O-O Bxc3 11. bxc3 Bxd3 12. Qxd3 Nbd7 13. c4 Qe4 14. Qa3
a6 15. d5 h6 16. Rab1 Ng4 17. Rxb7 Nxe3 18. Re1 Nxc4 19. Qb3 Qxe1+ 20. Nxe1 Na5
21. Qf3 Nxb7 22. dxe6 fxe6 23. Qxb7 Rb8 24. Qxa6 Ke7 25. Qa3+ Kf7 26. Kf1 Rhc8
27. g3 Ra8 28. Qf3+ Kg8 29. Kg2 Rcb8 30. Qc6 Nf8 31. Qc4 Rc8 32. Qe2 Ra4 33.
Nd3 Rca8 34. Nc1 R8a7 35. h4 R7a6 36. h5 R4a5 37. Qc4 Ra7 38. Qg4 Rc7 39. Qf4
Rc2 40. a4 Rac5 41. Nb3 R5c4 42. Qe5 Rxa4 43. Nd4 Rd2 44. Nxe6 Nxe6 45. Qxe6+
Kf8 46. Qc8+ Ke7 47. Qc5+ Kf7 48. Qc7+ Kg8 49. Qc8+ Kh7 50. Qf5+ Kh8 51. Qf8+
Kh7 52. Qf5+ Kh8 53. Qf8+ 1/2-1/2

[Event "24. European Club Cup 2008 Femenino"]
[Site "Kallithea GRE"]
[Date "2008.10.23"]
[Round "7.6"]
[White "Klipper, Rebecca"]
[Black "Motoc, Alina"]
[Result "0-1"]
[WhiteElo "2023"]
[BlackElo "2313"]
[PlyCount "74"]
[EventDate "2008.10.17"]
[EventType "team-tourn"]
[EventRounds "7"]
[EventCountry "GRE"]
[Source "lmi"]
[SourceDate "2008.10.17"]
[WhiteTeam "Vandoeucre"]
[BlackTeam "Iasi"]

1. d4 Nf6 2. Nf3 g6 3. e3 Bg7 4. b3 b6 5. Bb2 Bb7 6. Be2 d6 7. c4 Nbd7 8. Nbd2
O-O 9. Qc2 e5 10. d5 a5 11. O-O h5 12. h3 Nh7 13. Nh2 f5 14. f4 Qe7 15. e4 exf4
16. Bxg7 Qxg7 17. exf5 Rxf5 18. Bd3 Rf6 19. Nhf3 Nc5 20. Ne4 Nxe4 21. Bxe4 Bc8
22. Rae1 Bd7 23. h4 Re8 24. a4 Kh8 25. Qd3 Bg4 26. Ng5 Re5 27. Nf3 Bxf3 28.
Bxf3 g5 29. Rxe5 dxe5 30. Bxh5 Rh6 31. Bf3 gxh4 32. Qf5 h3 33. Qc8+ Nf8 34. Rf2
h2+ 35. Kh1 e4 36. Bxe4 Qd4 37. Bf3 Qe3 0-1

[Event "24. European Club Cup 2008 Femenino"]
[Site "Kallithea GRE"]
[Date "2008.10.23"]
[Round "7.6"]
[White "Paulet, Iozefina"]
[Black "Weigel, Marie"]
[Result "1-0"]
[WhiteElo "2307"]
[BlackElo "1865"]
[PlyCount "51"]
[EventDate "2008.10.17"]
[EventType "team-tourn"]
[EventRounds "7"]
[EventCountry "GRE"]
[Source "lmi"]
[SourceDate "2008.10.17"]
[WhiteTeam "Iasi"]
[BlackTeam "Vandoeucre"]

1. f4 Nf6 2. Nf3 d6 3. g3 Nbd7 4. d3 c6 5. Bg2 e5 6. e4 Be7 7. Nc3 O-O 8. O-O
Re8 9. h3 Qc7 10. g4 Nf8 11. f5 h6 12. Qe1 N8h7 13. Qg3 Qd8 14. h4 Nd7 15. g5
h5 16. f6 Bxf6 17. gxf6 Ndxf6 18. Nh2 Ng4 19. Nxg4 Bxg4 20. Nd1 Re6 21. Ne3 Rg6
22. Qf2 Qd7 23. Nxg4 Rxg4 24. Kh2 Nf6 25. Bh3 Qe7 26. Bg5 1-0

[Event "24. European Club Cup 2008 Femenino"]
[Site "Kallithea GRE"]
[Date "2008.10.23"]
[Round "7.7"]
[White "Botvinnik, Irina"]
[Black "Chelushkina, Irina"]
[Result "0-1"]
[WhiteElo "2239"]
[BlackElo "2360"]
[PlyCount "104"]
[EventDate "2008.10.17"]
[EventType "team-tourn"]
[EventRounds "7"]
[EventCountry "GRE"]
[Source "lmi"]
[SourceDate "2008.10.17"]
[WhiteTeam "Herzliya"]
[BlackTeam "Rudovci"]

1. c4 Nf6 2. Nc3 d5 3. cxd5 Nxd5 4. Qb3 Nb6 5. Nf3 Nc6 6. e3 e5 7. Bb5 Bd6 8.
d4 exd4 9. Nxd4 O-O 10. Nxc6 Qg5 11. g3 a6 12. Be2 Be6 13. Qc2 bxc6 14. O-O a5
15. Bf3 Qc5 16. e4 Nc4 17. Bg2 Rab8 18. Na4 Qb4 19. f4 f6 20. b3 Nb6 21. Bd2
Qd4+ 22. Kh1 Nxa4 23. bxa4 Rb2 24. Bc3 Rxc2 25. Bxd4 Rc4 26. Be3 Rxa4 27. Rfc1
Rb8 28. Rc2 Rc4 29. Rxc4 Bxc4 30. Bd4 c5 31. Bc3 a4 32. e5 fxe5 33. fxe5 Be7
34. Be4 a3 35. h4 g6 36. Kg2 Be6 37. Kf3 c4 38. Ba5 Rf8+ 39. Ke2 Bc5 40. Rf1
Rxf1 41. Kxf1 c3 42. Bxc3 Bxa2 43. Ke2 Bc4+ 44. Kf3 Kf7 45. Kf4 Ke6 46. h5 Kf7
47. Bc2 Bd5 48. Bd3 a2 49. g4 Bb4 50. Bb2 Bd2+ 51. Kg3 Be3 52. Bc2 c5 0-1

[Event "24. European Club Cup 2008 Femenino"]
[Site "Kallithea GRE"]
[Date "2008.10.23"]
[Round "7.7"]
[White "Foisor, Cristina Adela"]
[Black "Len, Irina"]
[Result "1-0"]
[WhiteElo "2365"]
[BlackElo "2091"]
[PlyCount "93"]
[EventDate "2008.10.17"]
[EventType "team-tourn"]
[EventRounds "7"]
[EventCountry "GRE"]
[Source "lmi"]
[SourceDate "2008.10.17"]
[WhiteTeam "Rudovci"]
[BlackTeam "Herzliya"]

1. c4 e5 2. g3 d6 3. Bg2 f5 4. Nc3 Nf6 5. d3 Be7 6. e4 c6 7. Nge2 O-O 8. O-O
Qe8 9. b4 Qh5 10. f3 fxe4 11. Nxe4 d5 12. cxd5 cxd5 13. Qb3 Kh8 14. Nxf6 gxf6
15. d4 Be6 16. Bb2 Nc6 17. a3 a5 18. b5 Nxd4 19. Nxd4 Bc5 20. Rad1 a4 21. Qd3
Bf5 22. Qd2 Qe8 23. Rf2 exd4 24. Bxd4 Bxa3 25. g4 Bd7 26. Re1 Qg6 27. g5 Bd6
28. f4 a3 29. Qa2 Ra4 30. Qxd5 Bb4 31. Rc1 Qe8 32. gxf6 Rf7 33. Re2 Qg8 34. Ba1
Ra8 35. Qxd7 Rd8 36. Qf5 Bd2 37. Rf1 Qg6 38. Qxg6 hxg6 39. Re7 Kg8 40. Bxb7 Bb4
41. Rxf7 Kxf7 42. Kg2 Bc5 43. Bc3 Rd3 44. Be5 Rd2+ 45. Kg3 Ke6 46. Rc1 Bd4 47.
Bc8+ 1-0

[Event "24. European Club Cup 2008 Femenino"]
[Site "Kallithea GRE"]
[Date "2008.10.23"]
[Round "7.8"]
[White "Ciuksyte, Dagne"]
[Black "Grapsa, Georgia"]
[Result "1-0"]
[WhiteElo "2339"]
[BlackElo "2121"]
[PlyCount "107"]
[EventDate "2008.10.17"]
[EventType "team-tourn"]
[EventRounds "7"]
[EventCountry "GRE"]
[Source "lmi"]
[SourceDate "2008.10.17"]
[WhiteTeam "Panevezys"]
[BlackTeam "Galaxias"]

1. b3 c5 2. Bb2 Nf6 3. Nf3 b6 4. g3 Bb7 5. Bg2 e6 6. c4 Be7 7. O-O O-O 8. Nc3
d6 9. d4 Nbd7 10. d5 exd5 11. cxd5 Re8 12. Nd2 Bf8 13. Nc4 Qb8 14. Re1 a6 15.
a4 b5 16. axb5 axb5 17. Nxb5 Ba6 18. Nc3 Bxc4 19. Rxa8 Qxa8 20. bxc4 Ne5 21.
Qb3 Nd3 22. Ra1 Qb8 23. Qxb8 Rxb8 24. exd3 Rxb2 25. Ra8 g6 26. Nb5 Rb1+ 27. Bf1
Kg7 28. Ra6 Nxd5 29. Nxd6 Nb4 30. Ne8+ Kg8 31. Ra3 Re1 32. Nf6+ Kg7 33. Ng4 h5
34. Ne3 Bd6 35. Kg2 Be5 36. Kf3 Bd4 37. Bh3 Kf6 38. Bc8 Ke5 39. Bb7 g5 40. h3
f5 41. Ra8 Nxd3 42. Re8+ Kf6 43. Rf8+ Kg7 44. Rxf5 Nxf2 45. Nc2 g4+ 46. hxg4
hxg4+ 47. Kg2 Rb1 48. Nxd4 cxd4 49. Rb5 Rxb5 50. cxb5 Nd3 51. Bc8 Ne5 52. b6 d3
53. Kf2 d2 54. Ke2 1-0

[Event "24. European Club Cup 2008 Femenino"]
[Site "Kallithea GRE"]
[Date "2008.10.23"]
[Round "7.8"]
[White "Paganoglou, Anastasia"]
[Black "Daulyte, Deimante"]
[Result "0-1"]
[WhiteElo "1953"]
[BlackElo "2278"]
[PlyCount "98"]
[EventDate "2008.10.17"]
[EventType "team-tourn"]
[EventRounds "7"]
[EventCountry "GRE"]
[Source "lmi"]
[SourceDate "2008.10.17"]
[WhiteTeam "Galaxias"]
[BlackTeam "Panevezys"]

1. e4 c5 2. Nf3 d6 3. d4 cxd4 4. Nxd4 Nf6 5. Nc3 g6 6. g3 Bg7 7. Bg2 O-O 8. O-O
Nc6 9. Nde2 Be6 10. h3 Rc8 11. Be3 a6 12. a4 Ne5 13. Nd5 Nfd7 14. c3 Nc4 15.
Bg5 Bxd5 16. Qxd5 Rc5 17. Qd3 Nxb2 18. Qd2 Nc4 19. Qc1 Nde5 20. Be3 Nd3 21. Qb1
Nxe3 22. fxe3 Ne5 23. Qxb7 a5 24. Rfc1 e6 25. Qa6 Nc4 26. h4 Nxe3 27. Rab1 Nxg2
28. Kxg2 d5 29. Qa7 Rc4 30. Rb7 Rxe4 31. Ng1 d4 32. Rf1 Qd5 33. Rf3 e5 34. Rd7
Qe6 35. Re7 Qa2+ 36. Rf2 Qd5 37. Rd7 Qc6 38. Kh2 Bf6 39. cxd4 exd4 40. Rb7 Re6
41. Nf3 d3 42. Rb3 Qd5 43. Rb5 Qc4 44. Qxa5 Re2 45. Qa7 Bd4 46. Qxd4 Qxd4 47.
Nxd4 Rxf2+ 48. Kg1 Ra2 49. a5 Ra1+ 0-1

[Event "24. European Club Cup 2008 Femenino"]
[Site "Kallithea GRE"]
[Date "2008.10.23"]
[Round "7.8"]
[White "Makka, Ioulia"]
[Black "Papathanasiou, Ageliki"]
[Result "1-0"]
[WhiteElo "2220"]
[BlackElo "1866"]
[PlyCount "45"]
[EventDate "2008.10.17"]
[EventType "team-tourn"]
[EventRounds "7"]
[EventCountry "GRE"]
[Source "lmi"]
[SourceDate "2008.10.17"]
[WhiteTeam "Panevezys"]
[BlackTeam "Galaxias"]

1. e4 c5 2. Nc3 Nc6 3. Bb5 a6 4. Bxc6 bxc6 5. f4 g6 6. Nf3 Bg7 7. O-O Nf6 8.
Qe1 O-O 9. Qh4 d6 10. d3 Nd7 11. f5 e6 12. Bg5 Bf6 13. Bxf6 Nxf6 14. Ng5 exf5
15. exf5 Nh5 16. fxg6 fxg6 17. g4 Rxf1+ 18. Rxf1 h6 19. Qf2 Bf5 20. Nge4 Bxe4
21. Nxe4 Ng7 22. Qf7+ Kh8 23. Qxg6 1-0

[Event "24. European Club Cup 2008 Femenino"]
[Site "Kallithea GRE"]
[Date "2008.10.23"]
[Round "7.9"]
[White "Petrenko, Svetlana"]
[Black "Genzling, Sylvie"]
[Result "1-0"]
[WhiteElo "2285"]
[BlackElo "1936"]
[PlyCount "109"]
[EventDate "2008.10.17"]
[EventType "team-tourn"]
[EventRounds "7"]
[EventCountry "GRE"]
[Source "lmi"]
[SourceDate "2008.10.17"]
[WhiteTeam "Gross-Lehna"]
[BlackTeam "Bischwiller"]

1. e4 e6 2. Qe2 d6 3. f4 e5 4. f5 Nc6 5. c3 d5 6. d3 b6 7. Nf3 Bb7 8. Bg5 f6 9.
Bh4 Qd7 10. Qc2 O-O-O 11. Nbd2 Kb8 12. Bf2 g6 13. fxg6 hxg6 14. O-O-O Nh6 15.
Kb1 f5 16. Be2 Ng4 17. Bg1 Bh6 18. h3 Nf6 19. exf5 gxf5 20. Bh2 Rde8 21. Nb3
Rhg8 22. Ne1 d4 23. Rf1 dxc3 24. bxc3 Nd5 25. Bg1 Nce7 26. Bf3 Nf4 27. Bxb7
Kxb7 28. c4 Qc6 29. d4 e4 30. d5 Qg6 31. Nd4 Nxg2 32. Nb5 Nc8 33. c5 Nxe1 34.
Rfxe1 bxc5 35. Bxc5 Qa6 36. Rd4 Nb6 37. Nxc7 Qa5 38. Bb4 Qa4 39. Qxa4 Nxa4 40.
Nxe8 Rxe8 41. d6 Nb6 42. d7 Rd8 43. Ba5 Bg5 44. Bxb6 axb6 45. Rd5 Bh4 46. Re2
Rf8 47. Kc2 Kc6 48. Rd1 Ra8 49. Kb2 Bf6+ 50. Kb3 Rh8 51. Rc2+ Kb7 52. h4 e3 53.
Rf1 Bxh4 54. Rh1 f4 55. Rxh4 1-0

[Event "24. European Club Cup 2008 Femenino"]
[Site "Kallithea GRE"]
[Date "2008.10.23"]
[Round "7.9"]
[White "Nagel, Verena"]
[Black "Fischer, Julie"]
[Result "1-0"]
[WhiteElo "2052"]
[BlackElo "1664"]
[PlyCount "67"]
[EventDate "2008.10.17"]
[EventType "team-tourn"]
[EventRounds "7"]
[EventCountry "GRE"]
[Source "lmi"]
[SourceDate "2008.10.17"]
[WhiteTeam "Gross-Lehna"]
[BlackTeam "Bischwiller"]

1. d4 Nf6 2. Nf3 g6 3. Bf4 Bg7 4. e3 O-O 5. Bc4 d6 6. h3 c6 7. Nbd2 Nbd7 8. a3
Nb6 9. Ba2 Na4 10. Bb3 Nb6 11. O-O h6 12. Re1 e6 13. Rc1 d5 14. c3 Nh7 15. e4
f5 16. exd5 exd5 17. Be5 Nf6 18. Qc2 Kh8 19. Nf1 Nbd7 20. Ng3 Nxe5 21. Nxe5 Kh7
22. f3 Nd7 23. f4 Nxe5 24. dxe5 Kh8 25. Qf2 g5 26. Nh5 gxf4 27. Qxf4 Qb6+ 28.
Re3 Qxb3 29. Rg3 Qb6+ 30. Kh2 c5 31. Nxg7 Rf7 32. e6 Bxe6 33. Qxh6+ Kg8 34.
Nxe6+ 1-0